Principles of scientific and technical writing /

Bibliographic Details
Main Author: Morris, Jackson E.
Format: Book
Language:English
Published: New York : McGraw-Hill, [1966]
Subjects:

MARC

Tag First Indicator Second Indicator Subfields
LEADER 00000cam a2200000 4500
001 in00000035413
005 20151007060804.0
008 730220s1966 nyu 00010 eng u
010 |a  65028824  
035 |a (OCoLC)00560732 
035 |9 AAD0177AM 
040 |c WSU  |d TXA  |d UtOrBLW 
049 |a TXAM  |c [459132] 
050 0 |a T11  |b .M58 
092 |a 808.066  |b M876p 
100 1 |a Morris, Jackson E. 
245 1 0 |a Principles of scientific and technical writing /  |c [by] Jackson E. Morris. 
264 1 |a New York :  |b McGraw-Hill,  |c [1966] 
300 |a xvii, 257 pages ;  |c 24 cm. 
336 |a text  |b txt  |2 rdacontent 
337 |a unmediated  |b n  |2 rdamedia 
338 |a volume  |b nc  |2 rdacarrier 
650 0 |a Technical writing. 
999 |a MARS 
999 f f |s 9c8ffac6-897c-3742-8dc1-551a732a7f41  |i 6d95a339-7c49-35b1-9982-a73daf5f6073  |t 0 
952 f f |p ric  |a Texas A&M University  |b Rellis Campus  |c Joint Library Facility  |d Remote Storage  |t 0  |e T11 .M58  |h Library of Congress classification  |i unmediated -- volume  |m A14801195790 
998 f f |a T11 .M58  |t 0  |l Remote Storage